1337 h4x0r h4ndb00k(E-BOOK) (Record no. 192632)

000 -LEADER
fixed length control field 00634 a2200229 4500
003 - CONTROL NUMBER IDENTIFIER
control field Nust
005 - DATE AND TIME OF LATEST TRANSACTION
control field 20170207154041.0
010 ## - LIBRARY OF CONGRESS CONTROL NUMBER
LC control number 2004098834
020 ## - INTERNATIONAL STANDARD BOOK NUMBER
International Standard Book Number 0672327279 (pbk.)
035 ## - SYSTEM CONTROL NUMBER
System control number (OCoLC)ocm57382262
040 ## - CATALOGING SOURCE
Transcribing agency Nust
082 04 - DEWEY DECIMAL CLASSIFICATION NUMBER
Classification number 005.8
245 00 - TITLE STATEMENT
Title 1337 h4x0r h4ndb00k(E-BOOK)
Statement of responsibility, etc. Tapeworm.
260 ## - PUBLICATION, DISTRIBUTION, ETC.
Place of publication, distribution, etc. Indianapolis, Ind. :
Name of publisher, distributor, etc. Sams Publishing,
Date of publication, distribution, etc. c2005.
300 ## - PHYSICAL DESCRIPTION
Extent 232 p.
Other physical details ill. ;
Dimensions 22 cm.
500 ## - GENERAL NOTE
General note Windows xp.
650 #0 - SUBJECT ADDED ENTRY--TOPICAL TERM
Topical term or geographic name entry element Computer hackers.
650 #0 - SUBJECT ADDED ENTRY--TOPICAL TERM
Topical term or geographic name entry element Computer security.
651 ## - SUBJECT ADDED ENTRY--GEOGRAPHIC NAME
Geographic name E-BOOK
700 0# - ADDED ENTRY--PERSONAL NAME
Personal name Tapeworm.
856 41 - ELECTRONIC LOCATION AND ACCESS
Materials specified Table of contents only
Uniform Resource Identifier <a href="http://www.loc.gov/catdir/toc/fy0702/2004098834.html">http://www.loc.gov/catdir/toc/fy0702/2004098834.html</a>
942 ## - ADDED ENTRY ELEMENTS (KOHA)
Source of classification or shelving scheme
Koha item type Book
Holdings
Withdrawn status Lost status Source of classification or shelving scheme Damaged status Not for loan Collection code Permanent Location Current Location Date acquired Total Checkouts Full call number Barcode Date last seen Price effective from Koha item type
            Military College of Signals (MCS) Military College of Signals (MCS) 12/12/2016   005.8 TAP MCSEB-2190 12/08/2016 12/12/2016 Book
© 2023 Central Library, National University of Sciences and Technology. All Rights Reserved.